Register, genre, and style

Na minha lista:
Detalhes bibliográficos
Main Authors: Biber, Douglas (Author), Conrad, Susan (Author)
Formato: Livro
Idioma:inglês
Publicado em: Cambridge Cambridge University 2009
Edição:1a. ed
Colecção:Cambridge Textbooks in Linguistics
Assuntos:
Tags: Adicionar Tag
Sem tags, seja o primeiro a adicionar uma tag!

MARC

LEADER 00000cam a2200000 a 4500
001 UCF6216
003 CL-VaPUC
008 130418e20090000UK |||||||||||||||||eng|d
020 |a 9780521677899 
082 0 4 |a 306.44  |b BIB  |2 21 
100 0 |a Biber, Douglas  |e author  |9 568263 
700 0 |a Conrad, Susan  |e author  |9 568264 
245 1 0 |a Register, genre, and style 
250 |a 1a. ed 
300 |a 344 p 
942 |c BK 
945 |d 20130418 00:00:00  |a cmena 
260 |a Cambridge  |b Cambridge University  |c 2009 
650 0 |a Sociolingüística  |9 263716 
650 0 |a Lengua inglesa  |9 318842 
583 |a last modification  |c 20130418 10:21:00  |k Rodrigo Vera 
490 0 |a Cambridge Textbooks in Linguistics 
999 |c 351529  |d 351527 
952 |0 0  |1 0  |4 0  |6 306_440000000000000_BIB_2009  |7 0  |8 A  |9 455678  |a FDOPOS  |b FDOPOS  |d 2019-11-22  |i 4959477  |o 306.44 BIB 2009  |p 4959477  |r 2025-01-22  |w 2019-11-22  |y BK  |k DLA